El futuro de la revolución liberal /

Gardado en:
Detalles Bibliográficos
Autor Principal: Ackerman, Bruce (autor)
Formato: Libro
Idioma:Lingua castelá
Publicado: Barcelona, España : Ariel, 1995, c1995
Series:(Ariel ; 138)
Temas:
Etiquetas: Engadir etiqueta
Sen Etiquetas, Sexa o primeiro en etiquetar este rexistro!

MARC

LEADER 00000nam^a2200000^a^4500
001 000063858
005 20250521000000.0
009 20260310091043.582
020 |a 84-344-1136-9 
037 |a Acervo ITESO - Biblioteca 
041 |a ESP 
082 |a 320. 904  |b ACK 
100 |a Ackerman, Bruce  |e (autor) 
245 1 3 |a El futuro de la revolución liberal /  |c B. Ackerman ; tr. por Jorge Malem. 
264 4 |a Barcelona, España :  |b Ariel,  |c 1995, c1995 
300 |a 156 p. 
336 |a texto  |b txt  |2 rdacontenido 
337 |a sin mediación  |b n  |2 rdamedio 
338 |a volumen  |b nc  |2 rdasoporte 
440 1 |a (Ariel ;  |v 138) 
500 |a Traducción de: The Future of Liberal Revolution 
649 |a XX 
650 |a Caída del Socialismo 
650 |a Nuevo Orden Mundial 
650 |a Democracia 
650 |a Liberalismo 
650 |a Unificación Política -  |z Europa 
650 |a Política -  |x Historia -  |y Siglo XX 
910 |a Fondo General 
920 |a Impresos - Libros 
930 |a Colección General 
905 |a 101 
901 |a 0500017627  |b IT1  |c ACC  |u 20250521 
902 |a https://opac.biblio.iteso.mx/vufind/Record/000063858